000 00582nam a2200181Ia 4500
008 090124s9999 xx 000 0 und d
082 _b25158
100 _aसूर्यकांत मांडरे
245 _a धाकटी पाती
250 _a0
260 _bपुरंदरे प्रकाशन
_c1986
300 _a482
600 _aसूर्यकांत मांडरे
630 _a धाकटी पाती
700 _aसूर्यकांत मांडरे
730 _a धाकटी पाती
942 _cBOOK
999 _c93145
_d93145